| 000 | 00872cam a2200253 a 4500 | ||
|---|---|---|---|
| 001 | 2421307 | ||
| 005 | 20210627111103.0 | ||
| 008 | 870331s1987 cau b 000 0 eng | ||
| 010 | _a 87009951 | ||
| 020 | _a0804713669 | ||
| 040 | _cCAAAP | ||
| 050 | 0 | 0 |
_aGN 487 _bC72 |
| 245 | 0 | 0 |
_aGender and kinship : _bessays toward a unified analysis / _cedited by Jane Fishburne Collier and Sylvia Junko Yanagisako ; [contributors, Maurice Bloch ... et al.]. |
| 260 |
_aStanford, Calif. : _bStanford University Press, _c1987. |
||
| 300 |
_axiii, 369 p. ; _c23 cm. |
||
| 504 | _aBibliografía: p. [341]-369. | ||
| 650 | 0 |
_aParentesco _93337 |
|
| 650 | 0 |
_aRol sexual _93458 |
|
| 650 | 0 |
_aMatrimonio _91174 |
|
| 700 | 1 |
_aCollier, Jane Fishburne. _93459 |
|
| 700 | 1 |
_aYanagisako, Sylvia Junko, _d1945- _93460 |
|
| 700 | 1 |
_aBloch, Maurice. _93461 |
|
| 942 |
_2lcc _bDD - MM - AA _cBK |
||
| 999 |
_c1742 _d1742 |
||